000 00246nam a2200109Ia 4500
008 200302s9999 xx 000 0 und d
100 _aPhilip Jodidio
245 _aThe new pavilions
260 _bThames and hudson
260 _c2018
300 _a288
999 _c7409
_d7409